000 01339nam a22002537a 4500
001 38648
003 BD-RjUL
005 20211209052832.0
008 160201s1922 ii ||||| |||| 00| 0 ben d
035 _a(BD-RjUL)38756
040 _aBD-RjUL
_beng
_cBD-RjUL
041 _aben
082 _a294.5921
_bVED 1922
245 _aবেদ /
_cদুর্গাদাস লাহিড়ী শর্ম্মণা সম্পাদিত
_nতৃতীয়োহধ্যায়ঃ
_pসামবেদ সংহিতা
_pঐন্দ্রর্ব্বণি-দ্বিতীয়শ্চ
260 _aহাওড়া :
_bপৃথিবীর ইতিহাস,
_c১৯২২
300 _a৩৬৮-১০৯৮ পৃ. ;
_c২৪ সেমি.
500 _a Sanskrit text with Bengali
500 _aগেয়গানং ; মর্স্মানুসারিণী ব্যাখ্যা ; বঙ্গানুবাদ সায়ণভাষ্যৎ ; টিপ্পনী -মর্স্মর্থ সমেত;
500 _aপুঠিয়া রাজবাড়ি থেকে সংগৃহীত
650 _aবেদ
_9119271
650 _aVedas
_9118536
700 _aশর্ম্মণা, দুর্গাদাস লাহিড়ী
_9119276
942 _2ddc
_cRAR
999 _c38648
_d38648